| 000 | 00475cam a22001217a 4500 | ||
|---|---|---|---|
| 008 | 180718b1984 xxu||||| |||| 00| 0 eng d | ||
| 082 | _aL23x5461 N213 | ||
| 245 |
_aProperty tax system in Delhi : final report _cby National Institute of Public Finance and Policy |
||
| 260 |
_aNew Delhi _bNational Institute of Public Finance and Policy _c1984 |
||
| 300 | _axiii,134p | ||
| 650 | _aProperty Taxes - India - Delhi | ||
| 700 | _aIndia.National Institute of Public Finance and Policy | ||
| 999 |
_c415954 _d415954 |
||